| 000 | 00975nam a2200265Ia 4500 | ||
|---|---|---|---|
| 003 | OSt | ||
| 005 | 20220927104208.0 | ||
| 006 | a|||||r|||| 00| 0 | ||
| 007 | ta | ||
| 008 | 220926b |||||||| |||| 00| 0 eng d | ||
| 024 | _a124419 | ||
| 037 | _cReference Collections | ||
| 040 |
_aRTL _cRTL _beng |
||
| 041 |
_2eng _aeng |
||
| 082 | _a"Y9(L:4:1):582.40k73.N9, N2/UN" | ||
| 100 |
_a"QURAESHI Nalini M,and others" _9364772 |
||
| 245 | 0 | _aForeign nursing professionals in the United States | |
| 260 |
_aNew _bDelhi ILO _c1992 |
||
| 300 |
_a141p _ccm. |
||
| 490 | _a"Asian Regional Programme on international Labour Migration. International Labour Organisation, Publication. United Nations Development Programme, Publication" | ||
| 500 | _aBibiliography: P 131-41 | ||
| 650 |
_aSociology of medicine _9364773 |
||
| 942 |
_h"Y9(L:4:1):582.40k73.N9, N2/UN" _cCC |
||
| 999 |
_c686387 _d686387 |
||